000 00692nam a22001577a 4500
003 OSt
005 20151026104041.0
008 151026b xxu||||| |||| 00| 0 eng d
040 _cRUA
082 _aAVM PEK 2013 B105 Or.1
100 _92902
_aPEK, SOTOME.
245 _aSuvey on common infectious diseases of pig in phnomsrok district, banteay meanchey province, ការអង្គេតពីជំងឺឆ្លងដែលច្ករើនកើតមានលើជ្រូកសាច់នៅស្រុកភ្នំស្រុក ខេត្តបន្ទាយមានជ័យ
260 _aphnom penh
_bRUA
_c2013
300 _aVIII,42p.
_bill.
_c29cm.
942 _2ddc
_cAVM
999 _c2720
_d2720